Τραγούδια Κάσου και Καρπάθου Songs of Kasos and Karpathos.
Saved in:
| Corporate Author: | |
|---|---|
| Format: | Audio |
| Language: | Greek |
| Published: |
Αθήνα :
Σύλλογος προς Διάδοσιν της Εθνικής Μουσικής,
1973.
|
| Series: | (Σύλλογος προς διάδοσιν της Εθνικής Μουσικής ;
3) |
| Subjects: | |
| Tags: |
Add Tag
No Tags, Be the first to tag this record!
|
MARC
| LEADER | 00000cjm a2200000 a 4500 | ||
|---|---|---|---|
| 001 | 1/108629 | ||
| 008 | 150914s1973####gr fmz k ||||| gre|| | ||
| 028 | 0 | 2 | |a S.D.N.M. 103 |b Σύλλογος προς Διάδοσιν της Εθνικής Μουσικής |
| 040 | |a GR-MyUa |b gre |c GR-MyUa |e AACR2 | ||
| 041 | 0 | |d gre |e gre | |
| 082 | 7 | |a 781.62 |2 (23) | |
| 245 | 0 | 0 | |a Τραγούδια Κάσου και Καρπάθου |h [ηχογράφηση] = |b Songs of Kasos and Karpathos. |
| 246 | 1 | |i Παράλληλος τίτλος: |a Songs of Kasos and Karpathos |h [ηχογράφηση] | |
| 260 | |a Αθήνα : |b Σύλλογος προς Διάδοσιν της Εθνικής Μουσικής, |c 1973. | ||
| 300 | |a 1 δίσκος βινυλίου : |b αναλογ., 33 1/3 σαλ, στέρεο, |c 12 ίν. + |e 1 θήκη και 1 βιβλιαράκι. | ||
| 490 | 0 | |a (Σύλλογος προς διάδοσιν της Εθνικής Μουσικής ; |v 3) | |
| 500 | |a Υπάρχει ψηφιακό αντίγραφο. | ||
| 500 | |a Σύλλογος προς Διάδοσιν της Εθνικής Μουσικής = Society for the Dissemination of National Music. | ||
| 505 | 8 | |a Πλευρά Α. Κάσος. 1. Σκοπός "Αλέντι" – 2. Βοσκίστικος σκοπός – 3. Ζερβός χορός : οργανικό – 4. Ζαντάνικος χορός : οργανικό – 5. Σκοπός "Πάθος" – 6. Μπλου μαρέν – Πλευρά Β. Κάρπαθος. 1. Μια κόρη από την Έλυμπο – 2. Σούστα : οργανικό – 3. Τραγούδι του Κατσώνη – 4. Μαντινάδες – 5. 'Πάνω χορός : οργανικό = Side A. Kasos. 1. Alenti – 2. Shepherd's song – 3. Zervos : dance : instrumental – 4. Zandanikos – 5. Pathos – 6. Navy blue – Side B. Karpathos. 1. A girl of Elympos – 2. Sousta : dance : intrumental – 3. Lambros Katsonis – 4. Mantinades, or, Distichs – 5. Pano horos : dance : instrumental. | |
| 508 | |a Καλλιτεχνική και γενική διεύθυνσις: Σίμων Καράς. | ||
| 525 | |a Η θήκη αναγράφει τα τραγούδια, πληροφορίες και περιέχει φυλλάδιο ([7] σ.) με κείμενα των τραγουδιών σε Ελληνικά και Αγγλικά. | ||
| 650 | 0 | |a Sound recordings. | |
| 650 | 0 | |a Audio-visual materials. | |
| 650 | 0 | |a Folk music |z Greece |z Karpathos (Municipality) | |
| 650 | 0 | |a Folk music |z Greece |z Kasos. | |
| 650 | 0 | |a Folk songs, Greek |z Greece |z Kasos. | |
| 650 | 0 | |a Folk songs, Greek |z Greece |z Karpathos (Municipality) | |
| 700 | 1 | |a Καράς, Σίμων Ι., |d 1909-1999, |e adi | |
| 710 | 1 | |a Σύλλογος προς Διάδοσιν της Εθνικής Μουσικής. |e pro | |
| 852 | |a INST |b RHODES |c AV |e 20150914 |h 781.62 ΤΡΑ |p 005400013190 |q 005400013190 |t LP |y 23 | ||
| 970 | |a Τζαφέρη |b Ευαγγελία |z 14-09-2015 | ||